| LEADER |
00725nam0a2200193 450 |
| 001 |
16826463 |
| 010 |
|
|
|a 978-2-5050-6720-7
|b rel.
|d 9,99
|
| 100 |
|
|
|a 20161108d2016 u u0frey01 ba
|
| 101 |
0 |
|
|a fre
|
| 102 |
|
|
|a BE
|
| 200 |
0 |
|
|a loup en slip (Le)
|f scénario, Wilfrid Lupano
|g dessin et couleurs, Mayana Itoïz - avec la participation amicale et artistique de Paul Cauuet
|
| 207 |
|
1 |
|a
|
| 210 |
|
|
|a [Bruxelles]
|c Dargaud Bénélux
|d 2016
|
| 461 |
|
0 |
|t Loup en slip
|v 1
|
| 700 |
|
0 |
|a Lupano
|b Wilfrid
|f 1971-....
|4 70
|
| 702 |
|
0 |
|a Itoïz
|b Mayana
|f 1978-....
|4 440
|
| 900 |
|
|
|a Bande Dessinée enfant ado
|
| 901 |
|
|
|a Accessible au prêt
|
| 995 |
|
|
|a Bibliothèque
|c Bibliothèque
|f 024017588
|h 024017588
|k BD LUP
|o p
|q j
|r az
|e Bibliothèque
|